| 000 | 00619nam a2200229Ia 4500 | ||
|---|---|---|---|
| 003 | OSt | ||
| 005 | 20221006164035.0 | ||
| 006 | a|||||r|||| 00| 0 | ||
| 007 | ta | ||
| 008 | 221006b |||||||| |||| 00| 0 hin d | ||
| 024 | _a6,151 | ||
| 037 | _cTextual | ||
| 040 |
_aFML _cFML _bhin |
||
| 041 |
_2hin _ahin |
||
| 082 | _aP1524:1, P4 | ||
| 100 |
_aSrivastawa Sunil Kumar Au. _9676490 |
||
| 245 | 0 | _aBhojpuri Ki Dhwanikiya Visheshtayen | |
| 260 |
_aDelhi _bAviram India _c2004 |
||
| 300 |
_a80 _ccm. |
||
| 942 |
_hP1524:1, P4 _cTEXL _2CC |
||
| 999 |
_c1116060 _d1116060 |
||